Responses for Show #3019 - Thursday, October 16, 1997

Peter Scott game 4.

Contestants

[<< previous game]

Maryanne Noonan, an import specialist from Temple City, California

Dave Hyndman, a biologist from Costa Mesa, California

Peter Scott, an advertising manager from Washington, D.C. (whose 3-day cash winnings total $31,602)

[next game >>]

Jeopardy! Round responses

U.S.A.
MARTIAL ARTISTS
FOREIGN FOODS
SCIENCE
BEAUTY
THE BEASTS
    $100 1
Honolulu

Dave
    $100 19
Chuck Norris

Peter
    $100 24
Borscht

Peter
    $100 12
Ovaries

Dave
    $100 11
Navel (Belly button)

Dave
    $100 6
Manes

Maryanne
    $200 2
(Dave: [No response])

Pierre, South Dakota

PeterDave
    $200 20
Steven Seagal

Dave
    $200 25
Potatoes

Maryanne
    $200 13
(D: What is Pluto?)

Jupiter

DaveMaryanne
    $200 14
Being thin

Maryanne
    $200 7
Humidity

Maryanne
    $300 3
Four Corners

Maryanne
    $300 21
Bruce Lee

Peter
    $300 26
Paella

Maryanne
    $300 15
Lasers

Dave
    $300 8
Sloth

Maryanne
    $400 4
Maine

Peter
    $400 22
(and we have a minute to go...)

Jackie Chan

Peter
    $400 28
[The end-of-round signal sounds.]

phyllo

Peter
    $400 17
(Dave: What is 9?)
...
(Peter: Time to get out of SCIENCE, thank God!)

18

PeterDave
    $400 18
Collagen

Peter
    $300 9
Lungs

Maryanne
    $500 5
Wisconsin

Peter
    $500 23
The Karate Kid

Peter
    $500 16
Inclined plane

Triple Stumper
    $500 27
(D: What is Sun Protective Factor?)

Sun Protection Factor

DaveMaryanne
    $500 10
Marsupium

Triple Stumper

Scores at the first commercial break (after clue 13):

Peter Dave Maryanne
$1,100 -$100 $1,400

Scores at the end of the Jeopardy! Round:

Peter Dave Maryanne
$3,700 -$500 $2,600

Double Jeopardy! Round responses

STRAIT TALK
"COLOR" MOVIES
THE WRITE BROTHERS
1960
THE NAME'S THE SAME
MIND YOUR "P"s & "Q"s
    $200 25
the Strait of Dover

Peter
    $200 2
The Color Purple

Peter
    $200 7
Grimm

Peter
    $200 19
John F. Kennedy

Dave
    $200 23
John Paul Jones

Peter
    $200 26
quarterback

Peter
    $400 1
the Bering Strait

Maryanne
    $400 3
The Color of Money

Peter
    $400 8
Thomas Mann

Maryanne
    $400 18
Sir Edmund Hillary

Maryanne
    $1,000 24
(Alex: Less than a minute to go, Peter.)

Brett Butler

Peter
    $400 27
pediatrics

Maryanne
    $600 11
the Strait of Gibraltar

Dave
    $600 4
Colors

Peter
    $600 9
Waugh

Peter
    $600 22
Cuba

Peter
    $600 29
[The end-of-round signal sounds.]

Engelbert Humperdinck

Dave
    $600 28
a quadrangle

Maryanne
    $1,000 12
(Dave: What is the Strait of Gibraltar?)

the Strait of Magellan

Dave
    $800 5
The Color of Night

Peter
    $800 10
C.S. Lewis

Dave
    $800 21
Belgium

Maryanne
    $800 16
George Clinton

Peter
    $800 14
the Picts

Dave
    $1000 13
the Strait of Hormuz

Dave
    $1000 6
True Colors

Triple Stumper
    $1000 17
James

Dave
    $1000 20
Albert Camus

Maryanne
    $1000 15
a quagmire

Dave

Scores at the end of the Double Jeopardy! Round:

Peter Dave Maryanne
$9,500 $4,500 $6,600

[wagering suggestions for these scores]

Final Jeopardy! Round responses

FAMOUS PAIRS
DaveWho were Bonny and Clyde
$2,500
MaryanneWho were Bonnie & Clyde?
$4,000
PeterWho were Bonnie & Clyde?
$3,701
Bonnie (Parker) & Clyde (Barrow)

Final scores:

Peter Dave Maryanne
$13,201 $7,000 $10,600
4-day champion: $44,803 3rd place: Pair of Wittnauer Montego Watches 2nd place: Sony VAIO Desktop PC & O'Sullivan Computer Work Station

Game dynamics:

Coryat scores:

Peter Dave Maryanne
$8,900 $5,500 $6,700
23 R
(including 1 DD),
0 W
13 R,
5 W
(including 1 DD)
17 R
(including 1 DD),
0 W

Combined Coryat: $21,100

[game clues] [game scores] [suggest correction]

Game tape date: Unknown
The J! Archive is created by fans, for fans. Scraping, republication, monetization, and malicious use prohibited; this site may use cookies and collect identifying information. See terms. The Jeopardy! game show and all elements thereof, including but not limited to copyright and trademark thereto, are the property of Jeopardy Productions, Inc. and are protected under law. This website is not affiliated with, sponsored by, or operated by Jeopardy Productions, Inc. Join the discussion at JBoard.tv.